[Event "Konnerud Tempo høstturnering 2022"]
[Site "Malmveien 15"]
[Date "2022.08.17"]
[Round "1"]
[White "Hellenes, André Tsolis"]
[Black "Eriksen, Dag"]
[Result "1-0"]
[WhiteElo "1678"]
[BlackElo "1626"]
[PlyCount "59"]
[EventDate "2022.??.??"]

1. Nf3 Nf6 2. g3 d5 3. Bg2 e6 4. O-O c5 5. d3 Nc6 6. Nbd2 Be7 7. Re1 O-O 8. e4
Qc7 9. Qe2 Nb4 10. Nf1 dxe4 11. dxe4 b6 12. Bf4 Qc6 13. a3 Na6 14. Ne5 Qe8 15.
Nc4 Bb7 16. Nd6 Bxd6 17. Bxd6 e5 18. Rad1 Qe6 19. Bxf8 Kxf8 20. Qd3 Ke7 21. Ne3
Nc7 22. Nf5+ Kf8 23. Qd6+ Qxd6 24. Rxd6 Nb5 25. Rd2 Ne8 26. c3 g6 27. Ne3 Nbc7
28. f3 Ba6 29. Bf1 b5 30. Rd5
1-0

[Event "Konnerud Tempo høstturnering 2022"]
[Site "Malmveien 15"]
[Date "2022.08.17"]
[Round "1"]
[White "Ivanov, Dmitry N"]
[Black "Aure, Anders Nilsson"]
[Result "1/2-1/2"]
[WhiteElo "2138"]
[BlackElo "1802"]
[PlyCount "202"]
[EventDate "2022.??.??"]

1. e4 c5 2. c3 d5 3. exd5 Qxd5 4. d4 Nf6 5. Nf3 e6 6. Be3 cxd4 7. cxd4 Nc6 8.
Nc3 Qd6 9. Bb5 Bd7 10. O-O Be7 11. Re1 a6 12. Bc4 b5 13. Bb3 Na5 14. d5 Nxb3
15. axb3 O-O 16. dxe6 Bxe6 17. Qxd6 Bxd6 18. Nd4 Ng4 19. h3 Nxe3 20. Nxe6 Nc2
21. Nxf8 Bxf8 22. Red1 Nxa1 23. Rxa1 g6 24. Kf1 Bg7 25. b4 Bf8 26. Nxb5 Rb8 27.
Nc3 Rxb4 28. Ra2 Bg7 29. Ke2 Rb6 30. Kd3 Kf8 31. Kc2 Bxc3 32. bxc3 Ke7 33. Kd3
Kd6 34. Kd4 Kc6 35. c4 h5 36. Ra5 Kc7 37. c5 Rf6 38. f3 Rf4+ 39. Ke3 Rf5 40.
Rxa6 Rxc5 41. Ra7+ Kd6 42. Rxf7 Ke6 43. Rf8 Ra5 44. Rd8 Ke7 45. Rd4 Ke6 46. Rb4
Ra6 47. g4 hxg4 48. hxg4 g5 49. Re4+ Kf6 50. Rd4 Re6+ 51. Kd3 Ra6 52. Rd5 Ra3+
53. Ke4 Ra4+ 54. Rd4 Ra6 55. Rc4 Re6+ 56. Kd3 Ra6 57. Rc5 Ra3+ 58. Ke2 Ra6 59.
Rf5+ Kg6 60. Ke3 Ra3+ 61. Ke4 Ra4+ 62. Ke5 Ra5+ 63. Ke6 Ra6+ 64. Kd7 Ra7+ 65.
Kc6 Ra6+ 66. Kc7 Ra7+ 67. Kb6 Ra3 68. Kb7 Rb3+ 69. Ka6 Ra3+ 70. Kb5 Rb3+ 71.
Ka4 Rb6 72. Rd5 Rf6 73. Rd3 Rb6 74. Ka5 Rb1 75. Rd6+ Kf7 76. Ka4 Ke7 77. Rd5
Kf6 78. Rf5+ Kg6 79. Rb5 Ra1+ 80. Kb4 Rf1 81. Rf5 Rb1+ 82. Kc5 Rc1+ 83. Kd4 Ra1
84. Rc5 Rd1+ 85. Ke3 Rd6 86. Ke4 Kf6 87. Rc3 Ra6 88. Kd5 Ra5+ 89. Kd4 Ra4+ 90.
Rc4 Ra6 91. Ke4 Ke6 92. f4 gxf4 93. Kxf4 Kf6 94. g5+ Kg6 95. Kg4 Ra1 96. Rc6+
Kg7 97. g6 Rg1+ 98. Kf5 Rf1+ 99. Ke4 Rf6 100. Rxf6 Kxf6 101. g7 Kxg7
1/2-1/2

[Event "Konnerud Tempo høstturnering 2022"]
[Site "Malmveien 15"]
[Date "2022.08.17"]
[Round "1"]
[White "Kierulf, Villum Brevick"]
[Black "Simula, Leon"]
[Result "0-1"]
[WhiteElo "1631"]
[BlackElo "2140"]
[PlyCount "142"]
[EventDate "2022.??.??"]

1. d4 Nf6 2. Nf3 c5 3. e3 e6 4. Bd3 Nc6 5. b3 cxd4 6. exd4 Bb4+ 7. c3 Be7 8.
O-O O-O 9. Nbd2 d5 10. Bb2 b6 11. a4 Bb7 12. Re1 a5 13. Qe2 Qc7 14. Bb5 Rfd8
15. Rec1 Rac8 16. Bxc6 Bxc6 17. Ba3 Bxa3 18. Rxa3 Nd7 19. Ra2 Qd6 20. Rac2 Bb7
21. c4 Qb4 22. Qe3 dxc4 23. Rxc4 Rxc4 24. Rxc4 Qd6 25. Ne4 Qb8 26. Ned2 h6 27.
h3 Nf6 28. Qe5 Qa8 29. Rc7 Nd5 30. Rc1 Qa6 31. Nc4 Rc8 32. Rd1 Bc6 33. Nd6 Rd8
34. Rc1 b5 35. axb5 Bxb5 36. Ne4 Qb6 37. Nc5 Nb4 38. Qf4 Nd5 39. Qe5 Rc8 40.
Rd1 Nb4 41. Qf4 Be2 42. Rd2 Bxf3 43. Qxf3 Rd8 44. Qg3 Nc6 45. Qc3 Qb4 46. Qxb4
axb4 47. Na6 Rxd4 48. Rxd4 Nxd4 49. Nxb4 Nxb3 50. Nd3 f6 51. g3 Kf7 52. Kg2 e5
53. Kf3 Ke6 54. Ke3 f5 55. h4 Na5 56. Nb2 Kd5 57. Nd1 Nc4+ 58. Ke2 Kd4 59. Kf3
g5 60. hxg5 hxg5 61. Ke2 e4 62. Kf1 Kd3 63. g4 f4 64. Ke1 f3 65. Kf1 Kd2 66.
Ne3 Nxe3+ 67. fxe3 Kxe3 68. Ke1 f2+ 69. Kf1 Kd2 70. Kxf2 e3+ 71. Kf3 e2
0-1

[Event "Konnerud Tempo høstturnering 2022"]
[Site "Malmveien 15"]
[Date "2022.08.17"]
[Round "1"]
[White "Sørjordet, Anders"]
[Black "Skogli, Pål"]
[Result "1/2-1/2"]
[WhiteElo "1718"]
[BlackElo "1772"]
[PlyCount "110"]
[EventDate "2022.??.??"]

1. d4 d5 2. Nf3 Nf6 3. c4 g6 4. Nc3 Bg7 5. g3 O-O 6. Bg2 c6 7. O-O dxc4 8. Ne5
Ng4 9. Nxg4 Bxg4 10. h3 Be6 11. d5 cxd5 12. Nxd5 Nc6 13. e4 Qd7 14. Qa4 Bxd5
15. exd5 Ne5 16. Qxd7 Nxd7 17. Re1 Rfe8 18. Re2 Nb6 19. Bg5 Rad8 20. Rd1 Rd7
21. Rc2 h6 22. Be3 Rc8 23. h4 Kh7 24. Rdc1 c3 25. bxc3 Nxd5 26. Bxd5 Rxd5 27.
Bxa7 Ra8 28. c4 Ra5 29. Be3 Rxa2 30. Rxa2 Rxa2 31. Rd1 Ra1 32. Rxa1 Bxa1 33.
Kf1 Kg7 34. Ke2 h5 35. Kd3 Kf8 36. c5 Ke8 37. Kc4 Kd7 38. Kb5 Kc7 39. f3 f5 40.
f4 Bf6 41. Bf2 e6 42. Be3 Bg7 43. Bf2 e5 44. fxe5 Bxe5 45. Be1 Bd4 46. Kc4 Bf6
47. Kd5 Kd7 48. Bf2 Bb2 49. Be3 Bf6 50. Bd2 Bb2 51. Bf4 Bc3 52. Bb8 Bg7 53. Bf4
Bf6 54. Be3 Ke7 55. Bf4 Kd7
1/2-1/2

[Event "Konnerud Tempo høstturnering 2022"]
[Site "Malmveien 15"]
[Date "2022.08.17"]
[Round "1"]
[White "Rørvik, Jon Fredrik"]
[Black "Taksrud, Vidar"]
[Result "1-0"]
[WhiteElo "2129"]
[BlackElo "1890"]
[PlyCount "79"]
[EventDate "2022.??.??"]

1. c4 Nf6 2. g3 e6 3. Bg2 d5 4. Nf3 c6 5. b3 a5 6. O-O Be7 7. Bb2 Nbd7 8. d3
O-O 9. Qc2 a4 10. e4 Nc5 11. e5 axb3 12. axb3 Rxa1 13. Bxa1 Nfd7 14. Nbd2 Nb6
15. d4 Na6 16. h4 Nb4 17. Qb1 dxc4 18. bxc4 Na4 19. Ne4 f5 20. exf6 gxf6 21.
Nc3 Nxc3 22. Bxc3 Na6 23. Rd1 Nc7 24. Nd2 Ne8 25. Qb3 Kh8 26. Ne4 Nd6 27. d5
cxd5 28. cxd5 e5 29. Nc5 Qc7 30. Ne6 Bxe6 31. dxe6 Rc8 32. Bb4 Qb6 33. Qb1 Rd8
34. Bxd6 Qxb1 35. Rxb1 Rxd6 36. Rxb7 Rxe6 37. Bh3 f5 38. Bxf5 Rf6 39. g4 Rf7
40. Be6
1-0

[Event "Konnerud Tempo høstturnering 2022"]
[Site "Malmveien 15"]
[Date "2022.08.17"]
[Round "1"]
[White "Lundstad, Andreas"]
[Black "Lurdalen, Svein Erik"]
[Result "0-1"]
[WhiteElo "1596"]
[BlackElo "1781"]
[PlyCount "76"]
[EventDate "2022.??.??"]

1. e4 d5 2. exd5 Qxd5 3. Nc3 Qd8 4. d4 c6 5. Nf3 Bf5 6. a3 e6 7. Bc4 Nf6 8. h3
Qc7 9. O-O Nbd7 10. Nh4 Bg6 11. Re1 Be7 12. Nxg6 hxg6 13. b4 Nb6 14. Bd3 Rd8
15. Ne2 Rh4 16. c3 Nbd5 17. Bg5 Ng4 18. Bxh4 Qh2+ 19. Kf1 Nge3+ 20. fxe3 Nxe3+
21. Kf2 Nxd1+ 22. Rexd1 Bxh4+ 23. Ke3 Qxg2 24. Rf1 Bg5+ 25. Nf4 e5 26. dxe5
Qxh3+ 27. Ke2 Qg4+ 28. Ke3 Bxf4+ 29. Rxf4 Rxd3+ 30. Kxd3 Qxf4 31. Re1 g5 32.
Re4 Qf1+ 33. Kd4 g4 34. e6 f6 35. Kc5 g3 36. Kd6 g2 37. Rh4 Qd3+ 38. Rd4 Qxd4+
0-1

[Event "Konnerud Tempo høstturnering 2022"]
[Site "Malmveien 15"]
[Date "2022.08.17"]
[Round "2"]
[White "Hellenes, André Tsolis"]
[Black "Ivanov, Dmitry N"]
[Result "0-1"]
[WhiteElo "1678"]
[BlackElo "2138"]
[PlyCount "80"]
[EventDate "2022.??.??"]

1. Nf3 d5 2. g3 Nc6 3. Bg2 e5 4. d3 Bg4 5. Nbd2 Qd7 6. e4 d4 7. h3 Bh5 8. g4
Bg6 9. Nh4 f6 10. Nxg6 hxg6 11. Nf1 g5 12. Ng3 Nge7 13. Qf3 Nb4 14. O-O Nxc2
15. Rb1 Nb4 16. a3 Nbc6 17. Bd2 Ng6 18. Qf5 Nh4 19. Qxd7+ Kxd7 20. Rbc1 Nd8 21.
Rc4 Ne6 22. Rfc1 c6 23. Ne2 Bd6 24. a4 Rh7 25. Kf1 Rah8 26. Ng1 Ng6 27. Ne2
Ngf4 28. Bxf4 gxf4 29. f3 a5 30. Kf2 Bb4 31. R1c2 Kd6 32. Bf1 Nc5 33. Nxd4 exd4
34. Rxd4+ Kc7 35. Rxb4 Nxd3+ 36. Bxd3 axb4 37. Bf1 Rd8 38. Ke2 Rd4 39. Rc5 g5
40. Rf5 Rhd7
0-1

[Event "Konnerud Tempo høstturnering 2022"]
[Site "Malmveien 15"]
[Date "2022.08.17"]
[Round "2"]
[White "Aure, Anders Nilsson"]
[Black "Kierulf, Villum Brevick"]
[Result "0-1"]
[WhiteElo "1802"]
[BlackElo "1631"]
[PlyCount "70"]
[EventDate "2022.??.??"]

1. c4 e5 2. Nc3 Bb4 3. g3 Bxc3 4. dxc3 d6 5. Bg2 Ne7 6. Nf3 O-O 7. O-O f5 8. c5
h6 9. cxd6 cxd6 10. Qb3+ Kh7 11. Rd1 Qc7 12. Be3 Nbc6 13. Rac1 Rf6 14. c4 Be6
15. Qc2 Rd8 16. b3 a6 17. Qb2 g5 18. Bxg5 hxg5 19. Nxg5+ Kg7 20. f4 Bf7 21. c5
d5 22. e3 d4 23. fxe5 Qxe5 24. e4 f4 25. gxf4 Qxf4 26. Nh3 Qe3+ 27. Kh1 d3 28.
e5 Qxe5 29. Qd2 Bd5 30. Rg1 Bxg2+ 31. Rxg2+ Rg6 32. Nf4 Rxg2 33. Qxg2+ Kf7 34.
Rf1 Ke8 35. Qh3 d2
0-1

[Event "Konnerud Tempo høstturnering 2022"]
[Site "Malmveien 15"]
[Date "2022.08.17"]
[Round "2"]
[White "Simula, Leon"]
[Black "Sørjordet, Anders"]
[Result "1-0"]
[WhiteElo "2140"]
[BlackElo "1718"]
[PlyCount "63"]
[EventDate "2022.??.??"]

1. d4 Nf6 2. c4 e6 3. Nc3 Bb4 4. Qc2 c5 5. dxc5 Bxc5 6. Nf3 Nc6 7. e3 O-O 8. a3
a5 9. b3 Qe7 10. Bb2 d5 11. Na4 Ba7 12. Rd1 Rd8 13. Be2 Ne4 14. O-O f5 15. Nc3
Nxc3 16. Qxc3 h6 17. Ne5 Nxe5 18. Qxe5 Bb8 19. Qc3 b6 20. cxd5 exd5 21. Bf3 Be6
22. g3 Bd6 23. Bxd5 Bxd5 24. Rxd5 Bxa3 25. Qc4 Kh8 26. Bd4 Qf8 27. Bxb6 Rxd5
28. Qxd5 Qg8 29. Qxf5 Qxb3 30. Rb1 Qc3 31. Bd4 Qc6 32. Rb6
1-0

[Event "Konnerud Tempo høstturnering 2022"]
[Site "Malmveien 15"]
[Date "2022.08.17"]
[Round "2"]
[White "Skogli, Pål"]
[Black "Rørvik, Jon Fredrik"]
[Result "0-1"]
[WhiteElo "1772"]
[BlackElo "2129"]
[PlyCount "70"]
[EventDate "2022.??.??"]

1. d4 d5 2. c4 e6 3. g3 c6 4. Bg2 Nf6 5. Nf3 Nbd7 6. Qc2 Be7 7. O-O O-O 8. Nc3
dxc4 9. a4 Nd5 10. e4 Nxc3 11. bxc3 b5 12. e5 Nb6 13. axb5 cxb5 14. h4 Nd5 15.
Ng5 Bxg5 16. Bxg5 Qc7 17. Be4 h6 18. Bd2 Bb7 19. Kh2 Ne7 20. Rfb1 a5 21. Ra2
Rfb8 22. Rba1 Qd8 23. Bxb7 Rxb7 24. Qe4 Rbb8 25. Kg2 Nd5 26. Qg4 Kh8 27. Qh5
Kg8 28. Qg4 Kf8 29. Qe4 b4 30. cxb4 axb4 31. Bxb4+ Kg8 32. Bd6 Rxa2 33. Rxa2
Nc3 34. Qc2 Nxa2 35. Bxb8 Nb4
0-1

[Event "Konnerud Tempo høstturnering 2022"]
[Site "Malmveien 15"]
[Date "2022.08.17"]
[Round "2"]
[White "Taksrud, Vidar"]
[Black "Lundstad, Andreas"]
[Result "1/2-1/2"]
[WhiteElo "1890"]
[BlackElo "1596"]
[PlyCount "171"]
[EventDate "2022.??.??"]

1. d4 Nf6 2. c4 c5 3. d5 e6 4. Nc3 exd5 5. cxd5 d6 6. e4 g6 7. Bb5+ Bd7 8. Bd3
Bg7 9. Bf4 Qb6 10. Qb3 Qc7 11. Bxd6 Qxd6 12. Qxb7 Qb6 13. Nb5 O-O 14. Qxb6 axb6
15. Nd6 Na6 16. O-O-O Nb4 17. a3 Nxd3+ 18. Rxd3 Ng4 19. Nh3 Ne5 20. Rb3 c4 21.
Rxb6 Nd3+ 22. Kb1 Bxh3 23. gxh3 Nxf2 24. Rf1 Bd4 25. Rc6 Ra4 26. Rxc4 Rxc4 27.
Nxc4 Nxe4 28. Rd1 Bc5 29. Kc2 Rd8 30. b4 Bf8 31. b5 Rc8 32. Rd4 Nd6 33. Kb3
Nxb5 34. Rd3 Rb8 35. Ka2 Rc8 36. Ne3 Bxa3 37. Rb3 Bc5 38. Ng4 Bd4 39. Rxb5 f5
40. Rb4 Bc3 41. Rb7 fxg4 42. d6 Be5 43. d7 Rd8 44. hxg4 Kf8 45. h4 Ke7 46. h5
g5 47. Rb6 Kxd7 48. Rb5 Ke6 49. Rb6+ Bd6 50. Rb7 Rd7 51. Rb5 Rc7 52. Rxg5 Bf4
53. Rb5 Rc2+ 54. Kb1 Rg2 55. Rb6+ Ke5 56. h6 Rxg4 57. Rb7 Bxh6 58. Rxh7 Bg7 59.
Kc2 Rg3 60. Rh4 Kd5 61. Ra4 Bd4 62. Ra8 Ke4 63. Re8+ Be5 64. Re7 Rc3+ 65. Kd2
Ra3 66. Kc2 Kd5 67. Rb7 Kc4 68. Kd2 Rd3+ 69. Ke2 Rh3 70. Rf7 Bd4 71. Rf5 Rh2+
72. Kf3 Kd3 73. Kg3 Rh1 74. Kg2 Rg1+ 75. Kh2 Rg8 76. Kh3 Ke4 77. Rf7 Be5 78.
Kh4 Bf4 79. Re7+ Kf3 80. Kh5 Kg3 81. Rf7 Rg5+ 82. Kh6 Kg4 83. Kh7 Be5 84. Rf1
Rg7+ 85. Kh6 Bf4+ 86. Rxf4+
1/2-1/2

[Event "Konnerud Tempo høstturnering 2022"]
[Site "Malmveien 15"]
[Date "2022.08.17"]
[Round "2"]
[White "Eriksen, Dag"]
[Black "Lurdalen, Svein Erik"]
[Result "1-0"]
[WhiteElo "1626"]
[BlackElo "1781"]
[PlyCount "59"]
[EventDate "2022.??.??"]

1. e4 c5 2. Nf3 a6 3. c4 Nc6 4. d4 cxd4 5. Nxd4 e6 6. Nc3 Qc7 7. Be3 Nge7 8.
Be2 Nxd4 9. Bxd4 Nc6 10. O-O Be7 11. Be3 O-O 12. Rc1 Rb8 13. f4 d6 14. Qe1 Bf6
15. Qf2 Rd8 16. Kh1 Bxc3 17. Rxc3 Qe7 18. Qg3 f6 19. Bb6 Re8 20. Rd1 d5 21. Bh5
dxe4 22. Bxe8 Qxe8 23. Qe3 f5 24. b4 h6 25. b5 Qh5 26. Qd2 Nb4 27. Rh3 Qg4 28.
Rg3 Qh5 29. Bc7 Nd3 30. Rxd3
1-0

[Event "Konnerud Tempo høstturnering 2022"]
[Site "Malmveien 15"]
[Date "2022.08.17"]
[Round "3"]
[White "Kierulf, Villum Brevick"]
[Black "Hellenes, André Tsolis"]
[Result "1-0"]
[WhiteElo "1631"]
[BlackElo "1678"]
[PlyCount "97"]
[EventDate "2022.??.??"]

1. c4 Nf6 2. Nc3 d6 3. Nf3 g6 4. g3 Bg7 5. Bg2 O-O 6. O-O c5 7. d3 Nc6 8. Rb1
a6 9. a3 Qc7 10. b4 e6 11. b5 Ne7 12. Bf4 Nh5 13. Bd2 Bd7 14. a4 Rad8 15. b6
Qc8 16. Qc2 Bc6 17. e4 Nf6 18. Rfd1 Nd7 19. Bf4 e5 20. Bg5 f6 21. Be3 h6 22.
Nd5 Bxd5 23. cxd5 Rf7 24. Nd2 Nf8 25. f4 Qd7 26. Nc4 Nh7 27. Rf1 Rdf8 28. fxe5
fxe5 29. Rxf7 Rxf7 30. Rf1 Rxf1+ 31. Bxf1 Nf6 32. Be2 Kh7 33. Kg2 h5 34. Nxd6
Qxd6 35. Bxc5 Qd7 36. Bxe7 Qxe7 37. Qc7 Bf8 38. d4 exd4 39. d6 Qg7 40. e5 Nd7
41. e6 Qe5 42. Qxd7+ Kh6 43. Bf3 Bxd6 44. Qxb7 Qxe6 45. Qxa6 Qa2+ 46. Be2 Bc5
47. b7 Ba7 48. Kh3 Qc2 49. Bd3
1-0

[Event "Konnerud Tempo høstturnering 2022"]
[Site "Malmveien 15"]
[Date "2022.08.17"]
[Round "3"]
[White "Ivanov, Dmitry N"]
[Black "Eriksen, Dag"]
[Result "1/2-1/2"]
[WhiteElo "2138"]
[BlackElo "1626"]
[PlyCount "152"]
[EventDate "2022.??.??"]

1. e4 e5 2. Nf3 Nc6 3. d4 exd4 4. Nxd4 Nf6 5. Nxc6 bxc6 6. Bd3 d5 7. exd5 cxd5
8. O-O Be7 9. c4 O-O 10. Nc3 Be6 11. cxd5 Nxd5 12. Nxd5 Qxd5 13. Qc2 h6 14.
Bh7+ Kh8 15. Be4 Qc4 16. Qxc4 Bxc4 17. Bxa8 Bxf1 18. Be4 Bb5 19. Be3 c5 20. Rc1
Rd8 21. g3 c4 22. Bxa7 Bf6 23. Rc2 g6 24. Be3 Kg7 25. a4 Ba6 26. Bd2 Re8 27.
Bc6 Re2 28. Bf3 Re8 29. Bc3 Bxc3 30. bxc3 Bc8 31. Rc1 Re5 32. Bc6 Rc5 33. Bb5
Bf5 34. f3 Bd3 35. Kf2 g5 36. Re1 Kf6 37. Re8 h5 38. Ke3 Rd5 39. h4 gxh4 40.
gxh4 Rf5 41. Rc8 Re5+ 42. Kd4 Be2 43. f4 Rf5 44. Ke3 Bf1 45. Rc6+ Ke7 46. Bxc4
Kd7 47. Bb5 Bxb5 48. axb5 Rxb5 49. Ra6 Rc5 50. Kd3 Rf5 51. Ra4 Kc6 52. Ke4 Rc5
53. c4 Kb6 54. f5 f6 55. Kf4 Re5 56. Ra8 Rc5 57. Rh8 Rxc4+ 58. Kg3 Rc3+ 59. Kf2
Kc5 60. Rh6 Kd5 61. Rxf6 Ke4 62. Rg6 Rf3+ 63. Kg2 Rxf5 64. Kg3 Rf3+ 65. Kg2 Rf5
66. Rg8 Kf4 67. Kh3 Ke4 68. Kg3 Rf3+ 69. Kh2 Rf4 70. Re8+ Kf3 71. Kh3 Rf5 72.
Re1 Kf2 73. Rd1 Kf3 74. Kh2 Kf4 75. Kh3 Kf3 76. Kh2 Kf4
1/2-1/2

[Event "Konnerud Tempo høstturnering 2022"]
[Site "Malmveien 15"]
[Date "2022.08.17"]
[Round "3"]
[White "Sørjordet, Anders"]
[Black "Aure, Anders Nilsson"]
[Result "0-1"]
[WhiteElo "1718"]
[BlackElo "1802"]
[PlyCount "164"]
[EventDate "2022.??.??"]

1. d4 Nf6 2. Nf3 g6 3. g3 Bg7 4. Bg2 O-O 5. O-O d5 6. c4 dxc4 7. Na3 c3 8. bxc3
c5 9. Re1 Nc6 10. e4 cxd4 11. Nxd4 Qa5 12. Bb2 Rb8 13. Nac2 Ne5 14. Ne3 Rd8 15.
h3 Bd7 16. a4 Qc7 17. Qb3 a6 18. Rad1 b5 19. axb5 Bxb5 20. Nxb5 Rxb5 21. Rxd8+
Qxd8 22. Qc2 Qd3 23. Ba3 Bf8 24. Qxd3 Nxd3 25. Rd1 Nb2 26. Rd8 Kg7 27. Ra8 a5
28. Bxb2 Rxb2 29. Rxa5 Rb1+ 30. Kh2 Rb2 31. Kg1 Rb1+ 32. Kh2 Rb2 33. e5 Nd7 34.
Kg1 Rb1+ 35. Bf1 e6 36. Kg2 Nc5 37. Ra2 Ne4 38. c4 Rb3 39. Rc2 Bc5 40. Nd1 Bd4
41. f3 Nc5 42. f4 Ne4 43. g4 Rg3+ 44. Kh2 Bg1+ 45. Kh1 Bc5 46. Bg2 Rd3 47. Nb2
Re3 48. Bxe4 Rxe4 49. Nd3 Bb6 50. c5 Bc7 51. Kg2 Rd4 52. Rc3 f6 53. Kf3 fxe5
54. Nxe5 g5 55. Nd3 gxf4 56. Nf2 e5 57. Ne4 h6 58. Rb3 Ba5 59. Rb7+ Kf8 60. Rh7
Rd3+ 61. Kg2 Re3 62. Nd6 Bb4 63. Nf5 Rc3 64. Rxh6 Rxc5 65. Rb6 Ba5 66. Rb7 Rc3
67. Rb5 Bc7 68. Rd5 e4 69. h4 Rc2+ 70. Kf1 e3 71. Nd4 Rc1+ 72. Ke2 Ke7 73. Rb5
Rc4 74. Nf3 Rc2+ 75. Kd1 Rf2 76. Rb7 Rxf3 77. Rxc7+ Kf6 78. Ke2 Rf2+ 79. Kd3
Rd2+ 80. Ke4 e2 81. Rc6+ Ke7 82. Rc1 Rd1
0-1

[Event "Konnerud Tempo høstturnering 2022"]
[Site "Malmveien 15"]
[Date "2022.08.17"]
[Round "3"]
[White "Rørvik, Jon Fredrik"]
[Black "Simula, Leon"]
[Result "1/2-1/2"]
[WhiteElo "2129"]
[BlackElo "2140"]
[PlyCount "122"]
[EventDate "2022.??.??"]

1. e4 c5 2. c4 Nc6 3. Nc3 Nf6 4. g3 g6 5. Bg2 Bg7 6. Nge2 O-O 7. O-O d6 8. h3
a6 9. d3 Rb8 10. f4 Bd7 11. Be3 b5 12. Qd2 b4 13. Nd1 e6 14. d4 cxd4 15. Nxd4
Qc7 16. Rc1 Nxd4 17. Bxd4 Bc6 18. Nf2 Qb7 19. Rfe1 Rbd8 20. b3 e5 21. Bb2 Nh5
22. fxe5 dxe5 23. Qe3 f5 24. Rcd1 f4 25. gxf4 exf4 26. Qc1 Rxd1 27. Rxd1 f3 28.
Bh1 Bxe4 29. Bxg7 Nxg7 30. Qe3 Bc6 31. Ng4 Qc7 32. Kf2 h5 33. Qe5 Qb6+ 34. c5
Qa5 35. Nf6+ Kh8 36. Rd2 Qa3 37. Qg5 Rxf6 38. Qxf6 Qc1 39. Rd8+ Kh7 40. Qxc6
Qxh1 41. Qxf3 Qh2+ 42. Kf1 Qe5 43. c6 Nf5 44. Rd7+ Kh6 45. Rd3 h4 46. Kg2 Qb2+
47. Qf2 Qe5 48. Qd2+ Kh5 49. Qd1+ Kh6 50. Qf3 Qb2+ 51. Kg1 Qc1+ 52. Rd1 Qc5+
53. Qf2 Qxc6 54. Qf4+ Kg7 55. Qxb4 Qf3 56. Qg4 Qe3+ 57. Kg2 Qa7 58. Kh2 Qc7+
59. Kg1 Qc5+ 60. Kh2 Qc7+ 61. Kg1 Qc5+
1/2-1/2

[Event "Konnerud Tempo høstturnering 2022"]
[Site "Malmveien 15"]
[Date "2022.08.17"]
[Round "3"]
[White "Lundstad, Andreas"]
[Black "Skogli, Pål"]
[Result "1-0"]
[WhiteElo "1596"]
[BlackElo "1772"]
[PlyCount "55"]
[EventDate "2022.??.??"]

1. e4 g6 2. Nc3 Bg7 3. f4 d6 4. Nf3 a6 5. Bc4 b5 6. Bb3 Nf6 7. a3 Bb7 8. d3
Nbd7 9. O-O O-O 10. Qe1 c5 11. f5 Qc7 12. fxg6 hxg6 13. Ng5 c4 14. Ba2 d5 15.
exd5 Bxd5 16. Qh4 Bb7 17. Be3 Rac8 18. Rfd1 Rfd8 19. dxc4 bxc4 20. Rd4 Qe5 21.
Nce4 Nb6 22. Rxd8+ Rxd8 23. Bxb6 Rd4 24. Nxf6+ exf6 25. Bxd4 Qd5 26. Nf3 g5 27.
Qf2 g4 28. Nh4
1-0

[Event "Konnerud Tempo høstturnering 2022"]
[Site "Malmveien 15"]
[Date "2022.08.17"]
[Round "3"]
[White "Lurdalen, Svein Erik"]
[Black "Taksrud, Vidar"]
[Result "0-1"]
[WhiteElo "1781"]
[BlackElo "1890"]
[PlyCount "78"]
[EventDate "2022.??.??"]

1. e4 c6 2. d4 d5 3. e5 Bf5 4. Nc3 e6 5. g4 Bg6 6. Nge2 h5 7. Nf4 Ne7 8. Nxg6
Nxg6 9. gxh5 Nh4 10. Qg4 Nf5 11. Bd3 Nh6 12. Bxh6 Rxh6 13. O-O-O Nd7 14. f4 Qa5
15. f5 O-O-O 16. fxe6 fxe6 17. Bg6 Ba3 18. Nb1 Be7 19. Qxe6 Bg5+ 20. Rd2 Qxa2
21. Rf1 Qc4 22. Qh3 Rxg6 23. hxg6 Kc7 24. c3 Rh8 25. Qg2 Rxh2 26. Qxh2 Qxf1+
27. Kc2 Bxd2 28. e6+ Bf4 29. Qh8 Qe2+ 30. Kb3 Qxe6 31. Qxg7 c5 32. dxc5 Kc6 33.
Ka3 Be5 34. Qh6 Nxc5 35. b4 Ne4 36. Qh5 Nd6 37. Qe2 Qxg6 38. Nd2 Qc2 39. Qxe5
Nb5#
0-1

[Event "Konnerud Tempo høstturnering 2022"]
[Site "Malmveien 15"]
[Date "2022.08.17"]
[Round "4"]
[White "Hellenes, André Tsolis"]
[Black "Sørjordet, Anders"]
[Result "1/2-1/2"]
[WhiteElo "1678"]
[BlackElo "1718"]
[PlyCount "41"]
[EventDate "2022.??.??"]

1. g3 d5 2. Bg2 Nf6 3. Nf3 c5 4. O-O Nc6 5. d3 e5 6. Nbd2 Bd6 7. e4 d4 8. c3
O-O 9. Qe2 b5 10. a4 b4 11. c4 Qc7 12. Kh1 Ne8 13. Ng1 f5 14. exf5 Bxf5 15. Ne4
Rc8 16. Nf3 Nf6 17. Nfd2 Rce8 18. Nxf6+ Rxf6 19. Ne4 Rff8 20. Bd2 Nb8 21. Rae1
1/2-1/2

[Event "Konnerud Tempo høstturnering 2022"]
[Site "Malmveien 15"]
[Date "2022.08.17"]
[Round "4"]
[White "Ivanov, Dmitry N"]
[Black "Kierulf, Villum Brevick"]
[Result "1-0"]
[WhiteElo "2138"]
[BlackElo "1631"]
[PlyCount "49"]
[EventDate "2022.??.??"]

1. e4 c5 2. c3 d5 3. exd5 Qxd5 4. d4 Nc6 5. dxc5 Qxd1+ 6. Kxd1 e5 7. b4 Bg4+ 8.
Nf3 e4 9. h3 Bh5 10. g4 exf3 11. gxh5 Nf6 12. Kc2 Nxh5 13. Nd2 Ne5 14. Bb5+ Kd8
15. Re1 f6 16. Nxf3 Nc6 17. Nd4 Kc7 18. Ne6+ Kd7 19. Bf4 Nxf4 20. Nxf4 Rd8 21.
Ne6 Re8 22. Rad1+ Kc8 23. Bxc6 bxc6 24. Nd4 Rxe1 25. Rxe1
1-0

[Event "Konnerud Tempo høstturnering 2022"]
[Site "Malmveien 15"]
[Date "2022.08.17"]
[Round "4"]
[White "Aure, Anders Nilsson"]
[Black "Rørvik, Jon Fredrik"]
[Result "0-1"]
[WhiteElo "1802"]
[BlackElo "2129"]
[PlyCount "52"]
[EventDate "2022.??.??"]

1. c4 e6 2. Nc3 d5 3. d4 c6 4. cxd5 exd5 5. Nf3 Bd6 6. Bg5 Qb6 7. Qc2 Be6 8. e3
Nd7 9. Bd3 Ngf6 10. O-O h6 11. Bh4 O-O 12. Rab1 a5 13. Bg3 Be7 14. Rfe1 Rfe8
15. Nd2 Rac8 16. f4 Nf8 17. f5 Bd7 18. Nf3 c5 19. Be5 c4 20. Bf1 Qc6 21. Bg3 b5
22. Ne5 Qb7 23. Nxd7 Qxd7 24. a4 b4 25. Nb5 Ne4 26. Be2 b3
0-1

[Event "Konnerud Tempo høstturnering 2022"]
[Site "Malmveien 15"]
[Date "2022.08.17"]
[Round "4"]
[White "Simula, Leon"]
[Black "Lundstad, Andreas"]
[Result "1-0"]
[WhiteElo "2140"]
[BlackElo "1596"]
[PlyCount "92"]
[EventDate "2022.??.??"]

1. d4 Nf6 2. c4 c5 3. d5 e6 4. Nc3 exd5 5. cxd5 d6 6. e4 g6 7. f4 a6 8. e5 Nh5
9. Nf3 Bg7 10. Bd3 O-O 11. O-O b5 12. Bc2 Qc7 13. Ne4 dxe5 14. fxe5 Bg4 15. h3
Bxf3 16. Qxf3 Nd7 17. g4 Nxe5 18. Qe2 f5 19. gxh5 fxe4 20. Bxe4 Rxf1+ 21. Kxf1
Rf8+ 22. Kg2 Qf7 23. Be3 Re8 24. Qc2 Nc4 25. Bxc5 Qc7 26. Bf2 Qf4 27. Re1 Qg5+
28. Kh1 Qxh5 29. Bg2 Rf8 30. b3 Ne5 31. Bg3 Ng4 32. Qe2 Nf6 33. Qe6+ Kh8 34. d6
Qg5 35. Bh2 Qd2 36. Bc6 Qc3 37. d7 Nxd7 38. Re3 Rf1+ 39. Kg2 Qc1 40. Bxd7 Rf6
41. Re1 Qd2+ 42. Re2 Qg5+ 43. Qg4 Qd5+ 44. Qe4 Qxd7 45. Be5 Rf7 46. Qa8+ Rf8
1-0

[Event "Konnerud Tempo høstturnering 2022"]
[Site "Malmveien 15"]
[Date "2022.08.17"]
[Round "4"]
[White "Skogli, Pål"]
[Black "Lurdalen, Svein Erik"]
[Result "1-0"]
[WhiteElo "1772"]
[BlackElo "1781"]
[PlyCount "45"]
[EventDate "2022.??.??"]

1. e4 g6 2. d4 Bg7 3. f4 e6 4. Nc3 Ne7 5. Be3 a6 6. h4 d6 7. h5 b5 8. h6 Bf8 9.
g4 Bb7 10. a3 Nd7 11. Nf3 Nf6 12. Nd2 Rc8 13. Bg2 Nd7 14. Qe2 Nb6 15. O-O-O Rg8
16. d5 c5 17. dxe6 fxe6 18. e5 Bxg2 19. Qxg2 d5 20. Nde4 Nc4 21. Nf6+ Kf7 22.
Nce4 Nxe3 23. Ng5#
1-0

[Event "Konnerud Tempo høstturnering 2022"]
[Site "Malmveien 15"]
[Date "2022.08.17"]
[Round "4"]
[White "Eriksen, Dag"]
[Black "Taksrud, Vidar"]
[Result "0-1"]
[WhiteElo "1626"]
[BlackElo "1890"]
[PlyCount "70"]
[EventDate "2022.??.??"]

1. e4 d5 2. exd5 Nf6 3. d4 Nxd5 4. Nf3 Bg4 5. c3 e6 6. Nbd2 Nd7 7. Qa4 Be7 8.
Ne5 N5b6 9. Qb3 Nxe5 10. dxe5 Qd5 11. Qxd5 exd5 12. Bd3 O-O-O 13. O-O Nd7 14.
Re1 Rhe8 15. Nb3 c5 16. h3 Be6 17. Bb5 a6 18. Bxd7+ Rxd7 19. Be3 b6 20. Bf4 Kb7
21. Nd2 g5 22. Bg3 h5 23. f3 Rg8 24. c4 g4 25. hxg4 hxg4 26. f4 dxc4 27. Ne4
Rd3 28. Kf2 Rgd8 29. Re2 R8d4 30. Rh1 Bf5 31. Nd6+ Bxd6 32. exd6 Rxd6 33. Rh5
Bg6 34. Rg5 Kc6 35. Rxg4 Bh5
0-1

[Event "Konnerud Tempo høstturnering 2022"]
[Site "Malmveien 15"]
[Date "2022.08.17"]
[Round "5"]
[White "Rørvik, Jon Fredrik"]
[Black "Hellenes, André Tsolis"]
[Result "1-0"]
[WhiteElo "2129"]
[BlackElo "1678"]
[PlyCount "61"]
[EventDate "2022.??.??"]

1. c4 Nf6 2. Nc3 c6 3. e4 e5 4. d4 d6 5. Nf3 Bg4 6. Be2 Nbd7 7. O-O Be7 8. Be3
O-O 9. Qc2 Qc7 10. Rac1 a6 11. b4 Rfd8 12. Qb3 h6 13. a4 Qb8 14. Rfe1 Bh5 15.
h3 Bg6 16. Bd3 Bh7 17. Rcd1 Qc7 18. Nd2 exd4 19. Bxd4 Ne5 20. Be2 Nfd7 21. f4
Ng6 22. Be3 Rf8 23. Nf3 Kh8 24. Nd4 Bf6 25. Nf5 Be7 26. Qb2 f6 27. Qd2 Rad8 28.
Nxe7 Nxe7 29. Qxd6 Qxd6 30. Rxd6 Nb6 31. Rxd8
1-0